<?xml version="1.0" encoding="UTF-8"?>
<record
    xmlns:xsi="http://www.w3.org/2001/XMLSchema-instance"
    xsi:schemaLocation="http://www.loc.gov/MARC21/slim http://www.loc.gov/standards/marcxml/schema/MARC21slim.xsd"
    xmlns="http://www.loc.gov/MARC21/slim">

  <leader>02167    a2200205   4500</leader>
  <controlfield tag="001">48657</controlfield>
  <controlfield tag="005">20260407155751.0</controlfield>
  <controlfield tag="008">260407a1998    arg                 spa d</controlfield>
  <controlfield tag="003">AR-UNSa-BCEJYS</controlfield>
  <datafield tag="040" ind1=" " ind2=" ">
    <subfield code="a">AR-UNSa-BCEJYS</subfield>
    <subfield code="b">spa</subfield>
    <subfield code="c">AR-UNSa-BCEJYS</subfield>
  </datafield>
  <datafield tag="080" ind1=" " ind2=" ">
    <subfield code="a">347.41</subfield>
    <subfield code="x">Obligaciones en general (civil)</subfield>
  </datafield>
  <datafield tag="245" ind1="1" ind2="0">
    <subfield code="a">Obligaciones naturales y deberes morales</subfield>
  </datafield>
  <datafield tag="020" ind1=" " ind2=" ">
    <subfield code="a">950-572-439-X</subfield>
  </datafield>
  <datafield tag="264" ind1=" " ind2="1">
    <subfield code="a">Buenos Aires :</subfield>
    <subfield code="b">V&#xED;ctor P. de Zaval&#xED;a</subfield>
    <subfield code="c">1998</subfield>
  </datafield>
  <datafield tag="300" ind1=" " ind2=" ">
    <subfield code="a">377 p.</subfield>
    <subfield code="c">23 cm.</subfield>
  </datafield>
  <datafield tag="505" ind1=" " ind2=" ">
    <subfield code="a">Secci&#xF3;n Primera: Los deberes morales y las obligaciones naturales: 1. Introducci&#xF3;n - 2. Obligaciones naturales - 3. El cumplimiento de las obligaciones naturales - 4. Deberes morales  - Secci&#xF3;n Segunda: Antecedentes hist&#xF3;ricos: 1. Necesidad del estudio hist&#xF3;rico - 2. El derecho griego y las obligaciones naturales - 3. El derecho romano - 4. Derecho romano (continuaci&#xF3;n). Distintas hip&#xF3;tesis de obligaciones naturales: Parte Primera: Obligaciones naturales que nacen con ese car&#xE1;cter - Parte Segunda: Obligaciones que comienzan siendo civiles y se transforman en naturales - 5. Derecho romano (continuaci&#xF3;n). Las llamadas obligaciones naturales impropias - 6. Derecho espa&#xF1;ol hist&#xF3;rico: Las partidas - Secci&#xF3;n tercera: Derecho comparado: 1. Introducci&#xF3;n - 2. Sistema angloamericano - 3. Sistema franc&#xE9;s (Obligaciones naturales) - 4. C&#xF3;digos que no mencionan las obligaciones naturales - 5. Sistema Germ&#xE1;nico. C&#xF3;digos que hablan de deberes morales - 6. Ordenamientos jur&#xED;dicos que superponen las denominaciones de obligaci&#xF3;n natural y deber moral - 7. Sistema socialista - 8. Sistema hispanoamericano (Obligaciones naturales) - Secci&#xF3;n Cuarta: Derecho argentino: 1. Introducci&#xF3;n - 2. Caracter&#xED;sticas de las obligaciones naturales - 3. Efectos de las obligaciones naturales - 4. Supuestos de obligaciones naturales - 5. An&#xE1;lisis de los distintos supuestos - 6. An&#xE1;lisis de los distintos supuestos (continuaci&#xF3;n) - 7. An&#xE1;lisis de los distintos supuestos (continuaci&#xF3;n) - 8. Los deberes morales como obligaciones naturales - 9. Proyectos de reforma.</subfield>
  </datafield>
  <datafield tag="942" ind1=" " ind2=" ">
    <subfield code="c">BK</subfield>
  </datafield>
  <datafield tag="590" ind1=" " ind2=" ">
    <subfield code="a">niveau_biblio:m niveau_hierar:0</subfield>
  </datafield>
  <datafield tag="100" ind1="1" ind2=" ">
    <subfield code="a">Moisset de Espan&#xE9;s, Luis</subfield>
  </datafield>
  <datafield tag="999" ind1=" " ind2=" ">
    <subfield code="c">4670</subfield>
    <subfield code="d">4670</subfield>
  </datafield>
  <datafield tag="952" ind1=" " ind2=" ">
    <subfield code="0">0</subfield>
    <subfield code="1">0</subfield>
    <subfield code="4">0</subfield>
    <subfield code="7">0</subfield>
    <subfield code="a">BCEJYS</subfield>
    <subfield code="b">BCEJYS</subfield>
    <subfield code="c">16</subfield>
    <subfield code="d">2026-04-07</subfield>
    <subfield code="l">0</subfield>
    <subfield code="o">347.41 M714</subfield>
    <subfield code="p">L85658</subfield>
    <subfield code="r">2026-04-07 15:57:51</subfield>
    <subfield code="w">2026-04-07</subfield>
    <subfield code="y">L</subfield>
  </datafield>
</record>
